Sanat "väriarvoituksia" - Statistics

Yleistilastot
  • Tätä visaa on pelattu 41 kertaa
  • Keskiarvotulos 46 / 128
Vastaustilastot
Vastaus % Oikein
keltainen
86%
punainen
86%
sininen
86%
vihreä
86%
valkoinen
82%
musta
77%
oranssi
64%
harmaa
59%
on
45%
se
36%
väri
36%
jo
32%
aurinko
27%
arvasitko
18%
ja
18%
värin
18%
Leskenlehti
14%
mummon
14%
sitä
14%
ehti
9%
lehti
9%
mustikkaa
9%
Taivaan
9%
tukka
9%
unohtaa
9%
voi
9%
appelsiini
5%
enempää
5%
enkä
5%
et
5%
fiini
5%
hiili
5%
Hiiren
5%
kerro
5%
kesän
5%
koivun
5%
Korpinsulka
5%
kulmahammas
5%
kuononpää
5%
lelukarhun
5%
merta
5%
noki
5%
pilvilammas
5%
puuhun
5%
Pyöreä
5%
Ruohon
5%
toki
5%
tupsu
5%
turkki
5%
ulkomainen
5%
varsin
5%
villasukka
5%
arvaathan
0%
hahtuvainen
0%
Lumilintu
0%
Mansikassa
0%
Ehtoja vastaavia visoja ei löytynyt
Tulosjakauma
Jokaisen tuloksen saaneiden osuus
Persentiili vastausten määrän mukaan
Tuloshistoriasi
Et ole pelannut tätä visaa